| 000 | 00687nam a2200133Ia 4500 | ||
|---|---|---|---|
| 008 | 171212s9999 xx 000 0 und d | ||
| 020 | _a9780833047892 | ||
| 100 | _aRidgeway, Greg | ||
| 245 |
_cRidgeway, Greg _aCincinnati Police Department Traffic Stops _bApplying RAND's Framework to Analyze Racial Disparities |
||
| 260 |
_bRAND Corporation _c2009 |
||
| 650 | _aDiscrimination in law enforcement -- Ohio -- Cincinnati; Racial profiling in law enforcement -- Ohio -- Cincinnati; Police -- Ohio -- Cincinnati -- Attitudes; Traffic violations -- Ohio -- Cincinnati; Race discrimination -- Ohio -- Cincinnati; Cincinnati | ||
| 650 | _aLaw | ||
| 856 | _uwww.jstor.org/stable/10.7249/mg914cc | ||
| 999 |
_c351867 _d351867 |
||